Mawer v Williams (V0) (Record no. 46600)

MARC details
000 -LEADER
fixed length control field 01573cab a2200241 4500
001 - CONTROL NUMBER
control field ABS50045
008 - FIXED-LENGTH DATA ELEMENTS--GENERAL INFORMATION
fixed length control field 090401t1993 xxu||||| |||| 00| 0 eng d
035 ## - SYSTEM CONTROL NUMBER
System control number (Sirsi) u73828
041 ## - LANGUAGE CODE
Language code of text/sound track or separate title eng
245 ## - TITLE STATEMENT
Title Mawer v Williams (V0)
260 ## - PUBLICATION, DISTRIBUTION, ETC.
Date of publication, distribution, etc. 1993
350 ## - PRICE (NR) (BK AM CF MU VM SE) [OBSOLETE]
Price 0
490 ## - SERIES STATEMENT
Series statement Rating Appeals
Volume/sequential designation 1993 RA 248-263(8)
520 ## - SUMMARY, ETC.
Summary, etc. LT 12 October 1993. A shop and premises were assessed at £1,700 rv. It had domestic accommodation on the ground and first floors and the non-domestic accommodation on the ground floor comprising a shop and three stores separated from the shop by a yard. The ratepayer (M), lived in the domestic section and ran the shop as a village stores and post office. M claimed that no rateable value should be ascribed to the property because he was not in beneficial occupation for three reasons. Firstly that it was the local community not himself who benefited from the shop`s presence in the village, he would only benefit if the rent as a composite unit was greater than the rent as a domestic one and that rv should be based on the difference between these figures not the floor area. Secondly that where a hereditament was worth more for a use which was not rateable, the value of the part for a use which was rateable must be either nil or negative. Thirdly that a hypothetical tenant would not use t
650 ## - SUBJECT ADDED ENTRY--TOPICAL TERM
Topical term or geographic name entry element BENEFICIAL OCCUPATION
650 ## - SUBJECT ADDED ENTRY--TOPICAL TERM
Topical term or geographic name entry element COMPOSITE HEREDITAMENT
650 ## - SUBJECT ADDED ENTRY--TOPICAL TERM
Topical term or geographic name entry element RATING APPEALS
650 ## - SUBJECT ADDED ENTRY--TOPICAL TERM
Topical term or geographic name entry element SHOP
650 ## - SUBJECT ADDED ENTRY--TOPICAL TERM
Topical term or geographic name entry element VILLAGE SHOP
690 ## - LOCAL SUBJECT ADDED ENTRY--TOPICAL TERM (OCLC, RLIN)
Topical term or geographic name as entry element RATING AND VALUATION-CASE LAW
942 ## - ADDED ENTRY ELEMENTS (KOHA)
Suppress in OPAC 0
948 ## - LOCAL PROCESSING INFORMATION (OCLC); SERIES PART DESIGNATOR (RLIN)
c (OCLC) 04/03/1997
Holdings
Withdrawn status Lost status Source of classification or shelving scheme Damaged status Not for loan Home library Current library Shelving location Date acquired Total Checkouts Full call number Barcode Date last seen Copy number Price effective from Koha item type
    Dewey Decimal Classification     London London Journal article 14/09/1999   ABS50045 73828-1001 06/08/2019 1 06/08/2019 Law report